Paul's case and other stories / (Record no. 553482)

000 -LEADER
fixed length control field 00522cam a2200157 a 4500
020 ## - INTERNATIONAL STANDARD BOOK NUMBER
International Standard Book Number 0486290573 (pbk.)
082 00 - DEWEY DECIMAL CLASSIFICATION NUMBER
Classification number 823
Author Mark Cat
100 1# - MAIN ENTRY--PERSONAL NAME
Personal name Cather, Willa,
9 (RLIN) 50729
245 10 - TITLE STATEMENT
Title Paul's case and other stories /
Statement of responsibility, etc. Willa Cather.
260 ## - PUBLICATION, DISTRIBUTION, ETC.
Place of publication, distribution, etc. New York :
Name of publisher, distributor, etc. Dover Publications,
Date of publication, distribution, etc. 1996.
300 ## - PHYSICAL DESCRIPTION
Extent v, 57 p. ;
Dimensions 21 cm.
505 0# - FORMATTED CONTENTS NOTE
Formatted contents note Lou, the Prophet -- Eric Hermannson's soul --The enchanted bluff -- Paul's case -- A Wagner matinee.
526 ## - STUDY PROGRAM INFORMATION NOTE
Program name 0
Interest level 0
Reading level 0
Title point value 823_000000000000000_CAT
650 ## - SUBJECT ADDED ENTRY--TOPICAL TERM
Topical term or geographic name entry element Mce
9 (RLIN) 379
942 ## - ADDED ENTRY ELEMENTS (KOHA)
Source of classification or shelving scheme
Koha item type Book
Holdings
Withdrawn status Lost status Source of classification or shelving scheme Damaged status Not for loan Permanent Location Current Location Shelving location Date acquired Total Checkouts Full call number Barcode Date last seen Price effective from Koha item type
          Military College of Engineering (MCE) Military College of Engineering (MCE)   02/12/2015   823 Cat MCE-MCF/2 02/12/2015 02/12/2015 Book
© 2023 Central Library, National University of Sciences and Technology. All Rights Reserved.